| 000 | 00778nam a22002177a 4500 | ||
|---|---|---|---|
| 999 |
_c15334 _d15334 |
||
| 003 | AR-CdUCM | ||
| 008 | 190426b ||||| |||| 00| 0 spa d | ||
| 020 | _a978-607-404-942-8 | ||
| 040 |
_aMUNICIPALIDAD PROVINCIAL DEL CUSCO _cBIBLIOTECA MUNICIPAL DEL CUSCO |
||
| 082 |
_aPI / 376.1 / _bi45 |
||
| 245 | _aMi cajita de los animales de la granja / | ||
| 260 |
_aMéxico : _bAuzou, _c2014. |
||
| 300 |
_bIlustraciones de animales, _c32 cm. |
||
| 500 | _aNo cuenta con numeración de paginas | ||
| 505 | _aContenido: v.1: En la hacienda -- v.2: En el corral -- v.3: En el establo -- v.4: En la granja. | ||
| 650 |
_aAnimales de granja _933237 |
||
| 650 |
_aPrimera infancia _924660 |
||
| 650 |
_aLiteratura infantil _9588 |
||
| 942 |
_2ddc _cLIBROS |
||
| 945 |
_adavv _d26/04/2019 |
||